000
00241nam a2200097Ia 4500
008
170619s9999 xx 000 0 und d
100
_a
Hiraskar- G.K
245
4
_a
The Great Ages of World Architecture
260
_b
Dhanpat Rai Pub.
260
_c
2000
546
_a
ENGLISH
999
_c
20935
_d
20935